000 00339cam a22001217a 4500
008 180718b1956 xxu||||| |||| 00| 0 eng d
082 _aP H874
100 _aHughes, A.G.
245 _aEducation and the democratic ideal: nine talks to teachers
_cby A.G. Hughes
260 _aLondon
_bLongmans
_c1956
300 _a138p.
650 _aEducation
999 _c368472
_d368472